000 00638nam a2200253Ia 4500
003 OSt
005 20221006144020.0
006 a|||||r|||| 00| 0
007 ta
008 221006b |||||||| |||| 00| 0 eng d
020 _c165.00
024 _a10,650
037 _cTextual
040 _aEASL
_cEASL
_beng
041 _2eng
_aeng
082 _aW691xM18:g(Y), M2
100 _aPAREKH Bhikhu
245 0 _aMarx's theory of ideology
260 _aDelhi
_bAjanta Pub
_c1982
300 _a247p.
_ccm.
490 _v Oth
942 _hW691xM18:g(Y), M2
_cTEXL
_2CC
999 _c1078736
_d1078736